Měnové a finanční soustavy v kapitalistických státech

Saved in:
Bibliographic Details
Main Author: Pavelka, František
Other Authors: Průchová, Jiřina
Format: Book
Language:Czech
Published: Praha Státní nakladatelství technické literatury 1987
Tags: Add Tag
No Tags, Be the first to tag this record!

MARC

LEADER 00000nam a2200000 4500
001 c036382
005 20250929140819.6
041 0 |a cze 
044 |a CZ 
245 1 0 |a Měnové a finanční soustavy v kapitalistických státech  |c František Pavelka, Jiřina Průchová 
264 1 |a Praha  |b Státní nakladatelství technické literatury  |c 1987 
300 |a 193 s. 
100 1 |a Pavelka, František 
700 1 |a Průchová, Jiřina